000 00541nam a2200193 a 4500
001 1769948270937
003 YourLibrary
005 20260201175204.0
008 260201s1994##################000#0#eng##
020 _a9780521452922
082 0 4 _a331.0947
_bFIL
100 1 _aFiltzer, Donald,
_eauthor.
245 1 0 _aSoviet Workers and the Collapse of Perestroika :
260 _bCambridge University Press,
_c1994.
300 _a326 pages
650 0 _aBusiness & Economics.
942 _cENGLISH
040 _aYourLibrary
_beng
_cYourLibrary
999 _c609983
_d609983